Culture Générale - Série 1526 - Statistiques

Statistiques générales
  • Ce quiz a été pris 97 fois
  • Le résultat moyen est 4 sur 10
Statistiques - réponses
Question Réponse % Correct
On dit d'une personne costaude, que c'est une armoire à ... glace
100%
Selon l'expression, de quel synonyme d'habitation une bonne ménagère est-elle la fée ? logis
96%
Quel instrument de musique, de la famille du luth, est l'homonyme d'un ustensile de cuisine servant à émincer les légumes ? mandoline
57%
Quelle monnaie, initialement frappée à Florence et ornée d'une fleur de lis, eut cours en France entre le XIIIe et le XIVe siècle ? florin
46%
Quel est l'instrument de prédilection du compositeur et instrumentiste indien : Ravi Shankar ? sitar
31%
Le nom "hystérie", provient du mot grec "hustera", qui signifie... utérus
29%
Selon l'oeuvre d'Homère, Agamemnon a eu trois enfants : Electre, Oreste et... Iphigénie
19%
Dans quel sport s'illustrent les Français Grégory Havret et Raphaël Jacquelin ? golf
15%
Complétez le titre de cet album de Lucky Luke : "La Mine d'Or de Dick... Digger
11%
Pour dresser un jeune cheval, non monté, quelle sorte de long fouet de cuir associe-t-on à la longe ? chambrière
4%
Aucun quiz correspondant
Distribution des résultats
% des personnes avec chaque résultat
Percentile par nombre de réponses
Votre historique - résultats
Vous n’avez pas pris ce quiz